Apokalipso de Danielo Profeto en la lando persio kaj elamo

Saved in:
Bibliographic Details
Main Author: Slabczyk, Miron (Author)
Format: Book
Language:Arabic
Syriac, Modern
Published: Viena Arkado Eldonejo 2000
Series:Arkado Eldonejo, 1
Subjects:
Tags: Add Tag
No Tags, Be the first to tag this record!

MARC

LEADER 00000nam a2200000 a 4500
001 UCO3355
003 CL-VaPUC
008 000720e20000000AU |||||||||||||||||ara|d
041 0 7 |a ara  |2 CL-VaPUC 
041 0 7 |a syr  |2 CL-VaPUC 
082 0 4 |a 892.301  |b SLA  |2 21 
100 0 |a Slabczyk, Miron  |e author  |9 447459 
245 1 0 |a Apokalipso de Danielo Profeto en la lando persio kaj elamo 
300 |a 110 p 
942 |c BK 
945 |d 20000720 00:00:00  |a rbrito 
260 |a Viena  |b Arkado Eldonejo  |c 2000 
650 7 |a POESIAS SIRIAS  |2 CL-VaPUC  |9 447460 
583 |a last modification  |c 20181113 11:20:18  |k Rodrigo Vera 
490 0 |a Arkado Eldonejo, 1 
999 |c 289813  |d 289811 
952 |0 0  |1 0  |4 0  |6 892_301000000000000_SLA_2000  |7 0  |8 A  |9 338564  |a BIBEDU  |b BIBEDU  |d 2019-11-20  |i 3628558  |o 892.301 SLA 2000  |p 3628558  |r 2019-11-20  |w 2019-11-20  |y BK  |k LIT